Statistieken voor Klik op een Geldig Land - A-Z

Klik hier om de quiz te nemen!

Algemene statistieken

  • Deze quiz is 15.527 keer genomen
  • De gemiddelde score is 11 van 23

Antwoorden op de kaart

Antwoorden kleurgecodeerd door een groen-rode schaal op de quizkaart volgens % correct hieronder.
 

Antwoordstatistieken

Antwoord% Correct
A
59%
B
56%
C
54%
R
51%
F
50%
I
49%
D
48%
E
48%
M
48%
S
48%
N
46%
P
46%
V
45%
Z
44%
G
43%
J
43%
K
43%
T
43%
L
42%
O
41%
U
36%
Q
35%
H
33%

Scoreverdeling

Percentiel versus Aantal Correcte Antwoorden

Procent van Mensen met Elke Score

Uw Scoregeschiedenis

U heeft deze quiz nog niet genomen